000 004550000a22001690004500
003 MACL
005 20160102132228.0
008 160102b xxu||||| |||| 00| 0 eng d
040 _aMACL
_cMACL
041 _aEnglish
082 _a799.1/PEN
100 _aPennell, H Cholmondeley
_927058
245 _aModern Improvements in Fishing Tackle and Fish Hooks
260 _bSampson Low
_aLondon
650 _aPerforming Art
_97593
942 _cBK
_k799.1/PEN
_2ddc
999 _c38504
_d38504